| 000 | 00618nam a22002297a 4500 | ||
|---|---|---|---|
| 003 | UA-OsUOA | ||
| 001 | 906 | ||
| 007 | ta | ||
| 008 | 20050708b un ||||| |||| 00| 0 ukr d | ||
| 100 | _aКрутікова Н.Є. | ||
| 090 |
_a82.09(477) _bК84 |
||
| 942 | _cBK | ||
| 040 |
_aUA-OsUOA _bukr _cUA-OsUOA _dUA-OsUOA |
||
| 245 | _aГоголь та українська література | ||
| 300 | _a549 с. | ||
| 955 | _a1 | ||
| 041 | _aukr | ||
| 080 | _a82.09(477) | ||
| 260 |
_aК. _bХуд.літ _c1957 |
||
| 650 | 7 |
_a82 Література. Літературознавство _2UDC |
|
| 999 |
_c287069 _d287069 |
||